000 00544nam a2200217Ia 4500
005 20250923144257.0
008 008 250917s9999 xx 000 0 eng d
037 _aReference
040 _aDSWL
_beng
_cDSWL
041 _aeng
_2eng
084 _aY1, H7
_qDSWL
100 _aOgburn, W
_9823136
245 0 _aHandbook of sociology
_cby W Ogburn
260 _aLondon
_c1947
300 _a644 p.
365 _aINR
_b2.5
700 _aM.F Nimkoff
_9823137
925 _g2.5
942 _cREF
_hY1, H7
999 _c1436910
_d1436910